| 000 | 00471nam a2200181Ia 4500 | ||
|---|---|---|---|
| 001 | 8448 | ||
| 005 | 20260306160610.0 | ||
| 008 | 260306t2015||||xx |||||||||||||| ||spa|| | ||
| 041 | _aESP | ||
| 082 |
_a371.042 _bG37 |
||
| 100 |
_aGervilla, Ángeles _eAUT |
||
| 245 | 0 |
_aFamilia y educación familiar: _bconceptos clave, situación actual y valores |
|
| 260 | _c2015 | ||
| 300 |
_a204 páginas : _c24 cm. |
||
| 650 | _aGEN | ||
| 654 | _aCED | ||
| 942 |
_cLIB _dJUS _fJUS _2ddc _n |
||
| 999 |
_c8448 _d8448 |
||